01118nam a2200313Ia 450000500170000000800410001702000180005804100080007610000300008424500840011425000360019830000250023449000380025950000420029752100290033953400440036865000360041265000400044865000470048865000320053565100440056770000330061126400260064433600270067033700330069733800280073004000350075808400110079320220317001823.0170410s2008 s g 000 f s  a9788420635132 aspa1 aGraves, Robertd1895-198510aClaudio el dios y su esposa MesalinacRobert Graves ; traductor Floreal Mazía a1a. edición, 4a reimpresión a640 páginasc17 cm aEl libro de bolsillo : literatura aIncluye datos biográficos del autor aRecomendado para adultos tClaudius the God and his Wife Messalina142LEMBaNovela inglesaySiglo XIX142LEMBaLiteratura inglesaySiglo XIX142LEMBaEmperadores romanos en la literatura142LEMBaRoma en la literatura 4aRomavImperioxHistoriay30 A.C-476 D.C1 aMazía, Florealetraductora aMadridbAlianzac2008 atextobtxt2rdacontent asin mediaciónbn2rdamedia avolumenbnc2rdacarrier aCO-BoRNBPbspaerdacCO-BoRNBP aN GRA3